000 01017nam a22002657a 4500
005 20240530110414.0
008 150302s2011 ua f 000 0 ara d
017 _a9857/2011
_bمصر . دار الكتب المصرية
020 _a9789772089246
040 _aEG-CaGPL
041 0 _aara
082 0 4 _221
_a962.081
_bق/ش م
100 0 _aشريف الشوباشى
245 1 0 _aمستقبل مصر بعد الثورة /
_cتاليف شريف الشوباشى
250 _aط1
260 _aالقاهرة :
_bمكتبة مدبولى ،
_c2011
300 _a213 ص ؛
_c20 سم
651 0 4 _aمصر
_xالمشاكل الاقتصادية
651 0 4 _aمصر
_xالمشاكل الاجتماعية
651 0 4 _aمصر
_xتاريخ
_yالعصر الحديث
_yثورة 25 يناير
651 0 4 _aمصر
_xتاريخ
_xالاستقلال
_yالعصر الحديث
651 0 4 _aمصر
_xتاريخ
_xالثورات
_yالعصر الحديث
942 _2ddc
_cBK
999 _c60529
_d60529